000
00313nam a22001337a 4500
008
170922b xxu||||| |||| 00| 0 eng d
020
_a
9780130447319
041
_a
eng
080
_2
6TH
_a
37
100
_a
46
101
_a
EDU
245
_a
THE PRENTICE HALL GUIDE FOR COLLEGE WRITERS
_c
REID,S
942
_2
udc
_c
BK
999
_c
29101
_d
29101